[Event "CRO-ch U11"]
[Site "Trogir"]
[Date "2020.08.26"]
[Round "4"]
[White "Radic, Borna"]
[Black "Hranilovic, Renato"]
[Result "0-1"]
[WhiteElo "1231"]
[BlackElo "1697"]
[PlyCount "134"]
[EventDate "2020.08.24"]
[EventType "swiss"]
[EventRounds "9"]
[EventCountry "CRO"]
[SourceTitle "CBM 198 Extra"]
[Source "ChessBase"]
[SourceDate "2020.11.30"]
[SourceVersion "1"]
[SourceVersionDate "2020.11.30"]
[SourceQuality "1"]

1. d4 d5 2. c4 Nf6 3. cxd5 Nxd5 4. e4 Nb6 5. Nc3 e6 6. Nf3 Bb4 7. Bd2 Bxc3 8. Bxc3 0-0 9. Bd3 Bd7 10. 0-0 Bc6 11. e5 Nd5 12. Rc1 Nf4 13. Bb4 Re8 14. Bc3 Nd7 15. Qd2 Ng6 16. Be2 Nb6 17. Rfd1 Qd7 18. b3 Nc8 19. Bb4 Nce7 20. Bxe7 Rxe7 21. Ne1 Rf8 22. Bf3 Bxf3 23. Nxf3 c6 24. Qa5 a6 25. Qb4 b5 26. Qc5 Rc8 27. g3 Rc7 28. Qd6 Rc8 29. Qxd7 Rxd7 30. Rc2 a5 31. Rdc1 Rdc7 32. a4 Ne7 33. axb5 Rb7 34. bxc6 Rxb3 35. Kg2 Rb6 36. Ra2 Rcxc6 37. Rxc6 Nxc6 38. Kf1 h6 39. Ke2 Ra6 40. Ke3 a4 41. Nd2 a3 42. Nc4 Nb4 43. Rxa3 Nc2+ 44. Ke4 Nxa3 45. Nxa3 Rxa3 46. f4 f6 47. g4 Rh3 48. d5 exd5+ 49. Kxd5 fxe5 50. fxe5 Rxh2 51. Ke6 Rg2 52. Ke7 Rxg4 53. e6 Re4 54. Kd7 Kf8 55. Kd6 Re1 56. Kd5 h5 57. Kd6 h4 58. Kd5 h3 59. Kd6 h2 60. Kd5 h1Q+ 61. Kd6 Qf3 62. e7+ Rxe7 63. Kc5 Qd3 64. Kc6 Re4 65. Kc5 Rc4+ 66. Kb6 Qb3+ 67. Ka5 Ra4# 0-1